Quiz - La République Démocratique du Congo - Statistiques

Statistiques générales
  • Ce quiz a été pris 78 fois
    72 depuis la dernière actualisation
  • Le résultat moyen est 6 sur 15
Statistiques - réponses
Hint Réponse % Correct
Quel est le style de musique le plus écouté? La Rumba
78%
Combien de pays sont frontaliers à la RDC? 9
76%
Combien de présidents le pays a-t-il connue? 5
71%
Quelle date marque l'indépendance de la RD Congo? 30 Juin 1960
64%
Quel artiste congolais est rentré des Kora awards avec 4 trophés? Koffi Olomidé
50%
Comment s'appelle la grande équipe de Football se trouvant à Lubumbashi? TP Mazembe
48%
Citez le nom de l'entraineur de foot congolais le plus célèbre Florent Ibenge
40%
Finissez cette phrase mythique de Mobutu Seso seko: 'Comprenez... mon émotion
36%
Quel homme politique congolais a été envoyé à la CPI pour crime de guerres et crime contre l'humanité? Jean Pierre Bemba
29%
Comment fut surnommé le président Laurent Désiré Kabila Mzee
26%
Nommez la capitale de la province du Maniema Kindu
24%
Quel est la ville ou est instauré le siège de la religion Kimbanguiste? Nkamba
21%
Quelle ville fut la capitale du Royaume Kongo? Mbanza Kongo
19%
Quelle est la devise de la RDC? Justice, paix et travail
14%
Comment s'appelle la réserve naturelle située à l'est du Congo comprenant des gorilles et d'autres espèces rares? Parc National des Virunga
0%
Aucun quiz correspondant
Distribution des résultats
% des personnes avec chaque résultat
Percentile par nombre de réponses
Votre historique - résultats
Vous n’avez pas pris ce quiz depuis la dernière actualisation